[Event "7. Lichtenberger Sommer"]
[Site "Berlin"]
[Date "2008.08.24"]
[Round "9.60"]
[White "Müller, Johannes"]
[Black "Kujawa, Werner"]
[Result "0-1"]
[WhiteElo "1789"]
[BlackElo "1848"]
[PlyCount "100"]
[EventDate "2008.??.??"]
[WhiteTeam "SC Eintracht Berlin e.V."]
[BlackTeam "SV Motor Wildau e.V."]

1. e4 c5 2. Nc3 Nc6 3. g3 g6 4. Bg2 Bg7 5. d3 d6 6. f4 e6 7. Nf3 Nge7 8. O-O
O-O 9. h3 Rb8 10. Rb1 b5 11. Ne2 b4 12. d4 Nxd4 13. Nfxd4 cxd4 14. Nxd4 Ba6 15.
Re1 Qc7 16. Be3 Rfc8 17. Rc1 Qa5 18. Nb3 Qc7 19. c3 bxc3 20. bxc3 Bc4 21. Kh2
a5 22. Qc2 Bxb3 23. axb3 Qxc3 24. Qxc3 Bxc3 25. Re2 Bb4 26. Rxc8+ Rxc8 27. Bd4
Rc1 28. Bf6 Nc6 29. f5 e5 30. g4 Nd4 31. Rf2 Rb1 32. fxg6 hxg6 33. Bf1 Rxb3 34.
Kg2 Rc3 35. h4 Rc2 36. h5 Rxf2+ 37. Kxf2 gxh5 38. gxh5 Kh7 39. Bc4 a4 40. Bxf7
Kh6 41. Be7 a3 42. Bf8+ Kh7 43. Kg3 Ne2+ 44. Kg4 Nc3 45. Kf5 a2 46. Bg6+ Kg8
47. h6 Kxf8 48. Kf6 a1=Q 49. Bh5 Nxe4+ 50. Kg6 Qg1+ 0-1

[Event "7. Lichtenberger Sommer"]
[Site "Berlin"]
[Date "2008.08.24"]
[Round "9.61"]
[White "Engelhardt, Erhard"]
[Black "Krannich, Sven"]
[Result "0-1"]
[WhiteElo "1820"]
[BlackElo "1876"]
[PlyCount "122"]
[EventDate "2008.??.??"]
[WhiteTeam "SSV Rotation Berlin e.V."]
[BlackTeam "USC Viadrina Frankfurt (Oder) e."]

1. f4 c5 2. Nf3 e6 3. e3 Nc6 4. b3 Nf6 5. Bb2 b6 6. Bb5 Bb7 7. O-O Be7 8. Bxc6
Bxc6 9. Ne5 Bb7 10. d3 d6 11. Nf3 Nd5 12. Qe2 Bf6 13. Bxf6 Qxf6 14. Na3 Nc3 15.
Qf2 d5 16. Ne5 b5 17. Nb1 Nxb1 18. Rfxb1 Qe7 19. Qe2 f6 20. Nf3 O-O 21. a3 Rfc8
22. c4 dxc4 23. dxc4 Bxf3 24. Qxf3 Rab8 25. Rd1 a6 26. Rd3 Rd8 27. Rad1 Rxd3
28. Rxd3 bxc4 29. bxc4 Rb1+ 30. Kf2 f5 31. g3 h6 32. e4 Qb7 33. Re3 Qb2+ 34.
Re2 Qc1 35. Kg2 Qxc4 36. exf5 exf5 37. Re5 Qa2+ 38. Kh3 Rb2 39. Qd5+ Qxd5 40.
Rxd5 c4 41. Rxf5 c3 42. Rc5 c2 43. Kg4 Kf7 44. Kf3 Ra2 45. Ke4 Ke6 46. Rc3 a5
47. g4 a4 48. h4 Kd6 49. f5 Rxa3 50. Rxc2 Rb3 51. Rc4 a3 52. Ra4 Kc5 53. Ke5
Re3+ 54. Kf4 Rc3 55. Ra7 Rc4+ 56. Ke5 Kb4 57. Rb7+ Kc3 58. Ra7 Kb3 59. Rxg7 a2
60. Ra7 Ra4 61. Rb7+ Ka3 0-1

[Event "7. Lichtenberger Sommer"]
[Site "Berlin"]
[Date "2008.08.24"]
[Round "9.62"]
[White "Schlittermann, Wolfgang"]
[Black "Alvarez, Luis"]
[Result "0-1"]
[WhiteElo "1626"]
[BlackElo "1824"]
[PlyCount "94"]
[EventDate "2008.??.??"]
[WhiteTeam "SK Gillette"]
[BlackTeam "Schachclub Zug um Zug Everswinke"]

1. Nf3 d5 2. d4 Nf6 3. Bf4 e6 4. h3 Bd6 5. Bxd6 Qxd6 6. a3 Nbd7 7. e3 O-O 8. c4
c6 9. Nc3 b6 10. cxd5 Nxd5 11. Rc1 Bb7 12. Bd3 e5 13. dxe5 Nxe5 14. Nxe5 Qxe5
15. Qc2 Nf6 16. Ne4 h6 17. Qc3 Qxc3+ 18. Rxc3 Nd5 19. Rc1 Rad8 20. Bc4 c5 21.
Ng3 Nf6 22. O-O Rd2 23. b3 Rfd8 24. Be2 Ne4 25. Nxe4 Rxe2 26. Ng3 Red2 27. Rfe1
Rb2 28. Rb1 Rdd2 29. Rf1 Rxf2 30. Rxb2 Rxb2 31. Rf2 Rxb3 32. Rd2 Rxa3 33. Rd8+
Kh7 34. Rd7 Rxe3 35. Nf1 Bc6 36. Rxa7 Re2 37. Rc7 Rxg2+ 38. Kh1 Rg6+ 39. Kh2 c4
40. Ne3 c3 41. Rxf7 c2 42. Rf1 Be4 43. Rc1 b5 44. h4 b4 45. Kh3 b3 46. Nc4 Rc6
47. Nb2 Ra6 0-1

[Event "7. Lichtenberger Sommer"]
[Site "Berlin"]
[Date "2008.08.24"]
[Round "9.63"]
[White "Boeck, Rüdiger"]
[Black "Völker, Thomas"]
[Result "1/2-1/2"]
[WhiteElo "1605"]
[BlackElo "1766"]
[PlyCount "91"]
[EventDate "2008.??.??"]
[WhiteTeam "SC Weisse Dame Ulm e.V."]
[BlackTeam "SF Friedrichshagen"]

1. e4 c5 2. Nf3 Nc6 3. d4 cxd4 4. Nxd4 Nf6 5. Nc3 d6 6. Bg5 e6 7. f4 Be7 8.
Ndb5 a6 9. Bxf6 gxf6 10. Nd4 Qb6 11. Nb3 Qe3+ 12. Qe2 Qxf4 13. g3 Qe5 14. Bg2
Bd7 15. O-O-O Rc8 16. Rhf1 Na5 17. Nxa5 Qxa5 18. Qg4 Qg5+ 19. Qf4 Rg8 20. Kb1
Qxf4 21. Rxf4 Rc4 22. Bf1 Rc5 23. Rh4 Rg7 24. Bd3 Re5 25. Rf4 Bc6 26. Ne2 Rh5
27. Rf2 e5 28. Ng1 Rh6 29. Nf3 Rg4 30. Nh4 Bd7 31. Re1 Be6 32. Be2 Rxe4 33.
Bb5+ axb5 34. Rxe4 f5 35. Nxf5 Bxf5 36. Rxf5 Rxh2 37. Rf1 Kd7 38. Ree1 Ke6 39.
Rh1 Rg2 40. Reg1 Rxg1+ 41. Rxg1 Bg5 42. g4 e4 43. c3 Ke5 44. Rf1 Bf4 45. Kc2 d5
46. b3 1/2-1/2

[Event "7. Lichtenberger Sommer"]
[Site "Berlin"]
[Date "2008.08.24"]
[Round "9.64"]
[White "Schmalzried, Volker"]
[Black "Pöltelt, Helmut"]
[Result "1-0"]
[WhiteElo "1758"]
[BlackElo "1545"]
[PlyCount "135"]
[EventDate "2008.??.??"]
[WhiteTeam "Umweltbundesamt"]
[BlackTeam "SC Eintracht Berlin e.V."]

1. c4 c5 2. Nc3 Nc6 3. Nf3 Nf6 4. g3 g6 5. Bg2 Bg7 6. O-O O-O 7. d4 cxd4 8.
Nxd4 Nxd4 9. Qxd4 Nh5 10. Qd3 d6 11. e4 Qc7 12. Bg5 Re8 13. Rac1 Bf8 14. Nd5
Qd8 15. Rfd1 f6 16. Be3 Be6 17. c5 Kh8 18. cxd6 Bxd5 19. dxe7 Qxe7 20. exd5 Qb4
21. d6 Red8 22. d7 Be7 23. b3 Ng7 24. Rc7 Nf5 25. Rxb7 Qa5 26. Rb5 Qxb5 27.
Qxb5 Rab8 28. Qa4 Nxe3 29. fxe3 Bc5 30. Kf2 Rb6 31. Qc4 Be7 32. Qf7 Bb4 33.
Qe8+ Rxe8 34. dxe8=Q+ Kg7 35. Rd7+ Kh6 36. Qf8+ Bxf8 37. Rxa7 Re6 38. Rc7 Ra6
39. a4 Bb4 40. Bd5 Rd6 41. Bg8 Rd2+ 42. Kf3 g5 43. h4 gxh4 44. Rxh7+ Kg5 45.
Rxh4 Bd6 46. Bf7 f5 47. Rd4 Rxd4 48. exd4 f4 49. gxf4+ Bxf4 50. a5 Bc7 51. b4
Kf6 52. Bc4 Ke7 53. Ke4 Kd6 54. d5 Bd8 55. Bb3 Bc7 56. Kd4 Bd8 57. Kc4 Bc7 58.
Kb5 Kd7 59. Ka6 Kc8 60. b5 Kb8 61. b6 Bd6 62. Kb5 Bg3 63. Kc6 Be1 64. a6 Bh4
65. d6 Bd8 66. Bd5 Kc8 67. a7 Bc7 68. Be6+ 1-0

[Event "7. Lichtenberger Sommer"]
[Site "Berlin"]
[Date "2008.08.24"]
[Round "9.66"]
[White "Mildenberger, Hans"]
[Black "Fischer, Anke"]
[Result "1/2-1/2"]
[WhiteElo "1565"]
[BlackElo "1835"]
[PlyCount "35"]
[EventDate "2008.??.??"]
[WhiteTeam "BVG Helmholtz"]
[BlackTeam "SG Lasker Steglitz-Wilmersdorf"]

1. d4 d5 2. c4 e6 3. Nf3 Nf6 4. e3 Be7 5. Nc3 Nbd7 6. Bd3 b6 7. cxd5 exd5 8.
Bb5 Bb7 9. Ne5 O-O 10. Nxd7 Nxd7 11. a4 Nf6 12. O-O c5 13. Be2 cxd4 14. exd4 h6
15. Bf4 Rc8 16. Rc1 Bd6 17. Bxd6 Qxd6 18. Nb5 1/2-1/2

[Event "7. Lichtenberger Sommer"]
[Site "Berlin"]
[Date "2008.08.24"]
[Round "9.68"]
[White "Reinacher, Detlev"]
[Black "Walter, Günter"]
[Result "1/2-1/2"]
[WhiteElo "1558"]
[BlackElo "2082"]
[PlyCount "46"]
[EventDate "2008.??.??"]
[WhiteTeam "Schachclub Hansa Dortmund e.V."]
[BlackTeam "TSG Oberschöneweide e.V."]

1. d4 d5 2. c4 Nc6 3. Nf3 Bg4 4. e3 e5 5. h3 Bxf3 6. gxf3 exd4 7. Qb3 Bb4+ 8.
Bd2 Bxd2+ 9. Nxd2 dxe3 10. fxe3 Qh4+ 11. Ke2 Nge7 12. cxd5 Nb4 13. e4 a5 14.
Rg1 Qh6 15. Rc1 O-O-O 16. Qc4 Nexd5 17. exd5 Nxd5 18. Qg4+ Kb8 19. Qg5 Nf4+ 20.
Kd1 Qb6 21. Qxf4 Qxg1 22. Qxc7+ Ka8 23. Qxa5+ Kb8 1/2-1/2

[Event "7. Lichtenberger Sommer"]
[Site "Berlin"]
[Date "2008.08.24"]
[Round "9.69"]
[White "Getzuhn, Detlef"]
[Black "Dietzel, Uwe"]
[Result "1/2-1/2"]
[WhiteElo "1979"]
[BlackElo "1532"]
[PlyCount "45"]
[EventDate "2008.??.??"]
[WhiteTeam "SV Senat"]
[BlackTeam "TSV Lichtentanne SAbt"]

1. e4 Nf6 2. Nc3 e5 3. f4 d6 4. Bc4 Nc6 5. Nf3 Be7 6. d4 exd4 7. Nxd4 Nxd4 8.
Qxd4 Be6 9. O-O Bxc4 10. Qxc4 O-O 11. Bd2 c6 12. h3 d5 13. exd5 Nxd5 14. Nxd5
Qxd5 15. Qxd5 cxd5 16. Be3 Rfc8 17. c3 Bc5 18. Rf3 Bxe3+ 19. Rxe3 Rc4 20. g3
Re4 21. Rae1 Rae8 22. Kf2 f5 23. Kf3 1/2-1/2

[Event "7. Lichtenberger Sommer"]
[Site "Berlin"]
[Date "2008.08.24"]
[Round "9.70"]
[White "Mahler, Sonja"]
[Black "Wege, Hermann"]
[Result "1-0"]
[WhiteElo "1496"]
[BlackElo "1980"]
[PlyCount "79"]
[EventDate "2008.??.??"]
[WhiteTeam "SC Kreuzberg e.V."]
[BlackTeam "Schachclub Rathenow e.V."]

1. d4 d5 2. Bf4 Nf6 3. e3 a6 4. Nf3 Bg4 5. a3 Nbd7 6. c4 c6 7. Bd3 Nh5 8. Bg5
h6 9. Bh4 g5 10. Bg3 Nxg3 11. hxg3 Bg7 12. Qc2 Nf6 13. Nfd2 Qd6 14. Nf1 e5 15.
f3 Be6 16. dxe5 Qxe5 17. Nbd2 O-O 18. f4 Qc7 19. fxg5 Ne4 20. Nxe4 dxe4 21.
Bxe4 Qa5+ 22. b4 Qxg5 23. Rc1 Rfe8 24. Kf2 Qf6+ 25. Ke1 Qg5 26. Kf2 Rac8 27. c5
Qe5 28. Nd2 Bd5 29. Rh4 Qe7 30. Re1 Qe6 31. Rf4 Bf6 32. Bf5 Qe5 33. Bxc8 Rxc8
34. Rg4+ Bg5 35. Ne4 Qf5+ 36. Rf4 Bxf4 37. exf4 Kg7 38. Qe2 Re8 39. Qb2+ Kg6
40. Nd6 1-0

[Event "7. Lichtenberger Sommer"]
[Site "Berlin"]
[Date "2008.08.24"]
[Round "9.71"]
[White "Prix, Siegfried"]
[Black "Mohr, Horst"]
[Result "1/2-1/2"]
[WhiteElo "1761"]
[BlackElo "1538"]
[PlyCount "64"]
[EventDate "2008.??.??"]
[WhiteTeam "Sfrd. Berlin 1903 e.V."]
[BlackTeam "SC Caissa Falkensee e.V."]

1. e4 c6 2. d4 d5 3. exd5 cxd5 4. Bd3 Nf6 5. h3 Nc6 6. c3 Qc7 7. Nf3 e6 8. O-O
Bd6 9. Re1 O-O 10. Bg5 Ne8 11. a4 b6 12. Qc2 h6 13. Bd2 Bd7 14. Na3 a6 15. Qd1
Nf6 16. Qe2 Qb7 17. Ne5 Ne7 18. Nxd7 Qxd7 19. Nc2 Qb7 20. Qf3 Ng6 21. Bxg6 fxg6
22. Qd3 Qf7 23. f3 Nh5 24. Ne3 Nf4 25. Qf1 g5 26. Ng4 Ng6 27. Rad1 a5 28. Ne5
Nxe5 29. dxe5 Bc5+ 30. Be3 Bxe3+ 31. Rxe3 Qf4 32. Qd3 Qxa4 1/2-1/2

[Event "7. Lichtenberger Sommer"]
[Site "Berlin"]
[Date "2008.08.24"]
[Round "9.72"]
[White "Rohde, Wolfgang"]
[Black "Mühlhan, Klaus"]
[Result "1-0"]
[WhiteElo "2198"]
[BlackElo "2006"]
[PlyCount "93"]
[EventDate "2008.??.??"]
[WhiteTeam "SC Friesen Lichtenberg e.V."]
[BlackTeam "SC Empor Potsdam 1952 e.V."]

1. c4 c5 2. Nc3 b6 3. e4 Bb7 4. Bd3 g6 5. Nh3 Nc6 6. Bc2 Nd4 7. O-O Nf6 8. d3
d6 9. Ba4+ Nd7 10. Nd5 Bg7 11. Bg5 f6 12. Be3 Nc6 13. Nhf4 Kf7 14. Qg4 Nf8 15.
Qg3 e6 16. Nc3 a6 17. Nfe2 Qe7 18. f4 Nd7 19. Rae1 f5 20. Qh3 Rag8 21. Bxc6
Bxc6 22. d4 fxe4 23. d5 exd5 24. cxd5 Bb7 25. f5 Ke8 26. Nf4 Be5 27. Nxe4 gxf5
28. Qxf5 Qf8 29. Qh3 h5 30. Nd3 Qe7 31. Nxe5 dxe5 32. Rd1 Rg4 33. Ng3 Qh7 34.
Rf5 Qg6 35. Rxh5 Rxh5 36. Nxh5 Qe4 37. Bf2 Bxd5 38. Ng3 Rxg3 39. Qxg3 Nf6 40.
Re1 Qc2 41. Qxe5+ Kf7 42. h4 Qc4 43. h5 Qg4 44. Qe7+ Kg8 45. Qd8+ Kg7 46. Re7+
Bf7 47. h6+ 1-0

[Event "7. Lichtenberger Sommer"]
[Site "Berlin"]
[Date "2008.08.24"]
[Round "9.73"]
[White "Dvorsky, Rudolf"]
[Black "Richter, Dirk"]
[Result "1-0"]
[WhiteElo "1794"]
[BlackElo "1486"]
[PlyCount "107"]
[EventDate "2008.??.??"]
[WhiteTeam "SG Narva Berlin e.V."]
[BlackTeam "SG Lok Brandenburg, Abt. Schach"]

1. Nf3 d5 2. d4 Nf6 3. c4 e6 4. Nc3 Be7 5. e3 O-O 6. cxd5 exd5 7. Bd3 Nbd7 8.
O-O Re8 9. Re1 c6 10. Qc2 Nf8 11. e4 dxe4 12. Nxe4 Nxe4 13. Bxe4 Be6 14. Be3
Bd5 15. Re2 Bxe4 16. Qxe4 Bg5 17. Qg4 Bxe3 18. fxe3 Qf6 19. Rf1 Qg6 20. Qxg6
Nxg6 21. b4 Nf4 22. Rd2 Rxe3 23. Ne5 f6 24. Rxf4 fxe5 25. dxe5 Re1+ 26. Kf2
Rxe5 27. Rd7 Rb5 28. a4 Rb6 29. Re4 Rf8+ 30. Ke3 Rf1 31. Re8+ Rf8 32. Ree7 Rf6
33. Rxg7+ Kf8 34. Rxh7 Kg8 35. Rxb7 Rxb4 36. Rxb4 Kxh7 37. Rb7+ Kg6 38. Rxa7
Rf1 39. Rc7 Rc1 40. a5 c5 41. a6 Ra1 42. a7 Ra3+ 43. Ke4 c4 44. Kd4 Ra4 45. Kc3
Kf6 46. h4 Kg6 47. g4 Kf6 48. Kd4 Kg6 49. Kc5 c3 50. Kb6 Ra3 51. Rxc3 Ra1 52.
Rc5 Rb1+ 53. Rb5 Ra1 54. Kb7 1-0

[Event "7. Lichtenberger Sommer"]
[Site "Berlin"]
[Date "2008.08.24"]
[Round "9.74"]
[White "Bergmann, Jens"]
[Black "Möller, Dirk"]
[Result "0-1"]
[WhiteElo "1625"]
[BlackElo "1575"]
[PlyCount "49"]
[EventDate "2008.??.??"]
[WhiteTeam "SK Tempelhof 1931 e.V."]
[BlackTeam "SC Kreuzberg e.V."]

1. d4 f5 2. c4 Nf6 3. Nh3 e6 4. Qb3 c5 5. dxc5 Bxc5 6. Be3 Qc7 7. Bxc5 Qxc5 8.
e3 b6 9. Bd3 Nc6 10. Nc3 Ne5 11. Be2 Bb7 12. Nf4 g5 13. Nd3 Nxd3+ 14. Bxd3 Bxg2
15. Rg1 Qc6 16. Nb5 Rg8 17. Nd4 Qb7 18. c5 Bd5 19. Bc4 Rc8 20. Nxf5 exf5 21.
Qc3 Kf7 22. Bxd5+ Qxd5 23. Rd1 Qxa2 24. b4 Qe6 25. Rd6 0-1